| 000 | 02039nam a22003137a 4500 | ||
|---|---|---|---|
| 999 |
_c21866 _d21866 |
||
| 003 | AR-CdUCM | ||
| 008 | 190425b ||||| |||| 00| 0 spa d | ||
| 040 |
_aMUNICIPALIDAD PROVINCIAL DEL CUSCO _cBIBLIOTECA MUNICIPAL DEL CUSCO |
||
| 082 | _aRev.DIMA/N°18/1959 | ||
| 110 |
_aInstituto y Museo Arqueológico de la Universidad Nacional del Cuzco _946550 |
||
| 245 |
_aRevista del Museo e Instituto Arqueológico / _cLuis A. Pardo, director, Universidad Nacional del Cuzco |
||
| 260 |
_aCusco : _bH.G. Rozas, _c1959. |
||
| 300 |
_a136 páginas. : _bilustraciones, 1 plano ; _c21 cm. |
||
| 440 |
_aRevista del Museo e Instituto Arqueológico. _nAño XI, 1959. N°18. _946556 |
||
| 505 | _aContenido: Homenaje a Pault Rivet en el primer aniversario de su muerte. Luis A. Pardo. -- Los orígenes del hombre americano exposición sintética. Luis A. Pardo. -- Comprobaciones del Arte militar incaico y características principales. Felipe de la Barra. -- Piki Llacta ciudad de pósitos y bastimentos. Emilio Harth Terré. -- Dos inéditos e interesantes documentos sobre la Universidad Nacional de San Antonio Abad del Cuzco. Manuel E. Cuadros. -- El brigadier don Mateo García Pumacahua y el padre maestro Fray Juan Hurtado, O.P. Misionero del Oriente del Perú. Ambrosio Morales O.P. -- La cadena de oro de Huáscar. Carlos Galimberti Miranda. -- La cultura pre incaica de Chanapata. Jorge Yábar Moreno. -- Informe del Museo e Instituto Arqueológico. Luis A. Pardo. -- Orígenes del Cuzco. Jacinto Jijón y Caamaño. | ||
| 650 |
_aArqueología cusqueña _99322 |
||
| 650 |
_aHistoria del Cusco _91714 |
||
| 650 |
_aPikillaqta _946557 |
||
| 650 |
_aCulturas pre-inkas _946558 |
||
| 650 |
_aOrigen del Cusco _946559 |
||
| 650 |
_aMateo Pumcahua _946560 |
||
| 700 |
_aPardo, Luis A _925736 |
||
| 700 |
_aHarth Terré, Emilio _946011 |
||
| 700 |
_aYábar Moreno, Jorge _946561 |
||
| 700 |
_aGalimberti Miranda, Carlos _946555 |
||
| 710 |
_aUniversidad Nacional de San Antonio Abad del Cusco _915942 |
||
| 942 |
_2ddc _cPP |
||
| 945 | _arac | ||